[Event "BCF-ch Seniors 65"]
[Site "Hull"]
[Date "2024.08.03"]
[Round "6"]
[White "Kenning, Paul H"]
[Black "Moyse, Nigel John"]
[Result "0-1"]
[WhiteElo "1776"]
[BlackElo "1930"]
[PlyCount "126"]
[EventDate "2024.07.29"]
[EventType "swiss"]
[EventRounds "7"]
[EventCountry "ENG"]
[SourceTitle "CB32_2024"]
[SourceDate "2024.08.08"]
[SourceVersion "1"]
[SourceVersionDate "2024.08.08"]
[SourceQuality "1"]

1. d4 d5 2. Bf4 Nf6 3. e3 c5 4. c3 Qb6 5. Qc2 Nc6 6. Nd2 Bd7 7. Ngf3 cxd4 8. exd4 Rc8 9. Qb3 Qd8 10. Bd3 Na5 11. Qd1 Qb6 12. Rb1 Bb5 13. Bxb5+ Qxb5 14. Qe2 Qxe2+ 15. Kxe2 b5 16. Ne5 Nd7 17. Nb3 Nb7 18. Nxd7 Kxd7 19. Rhc1 e6 20. Kd3 Be7 21. g3 g5 22. Be3 h5 23. f4 g4 24. Rc2 f5 25. Re1 a5 26. Rce2 Rh6 27. Kd2 a4 28. Nc1 Nd6 29. Nd3 Ne4+ 30. Kc2 b4 31. Bd2 Bd6 32. Rc1 h4 33. Be1 hxg3 34. hxg3 Rh1 35. Rg2 bxc3 36. bxc3 Rb8 37. Bd2 Rh3 38. Re1 a3 39. Reg1 Kc7 40. Bc1 Ra8 41. Nf2 Rh5 42. Rh1 Rxh1 43. Nxh1 Rh8 44. Nf2 Nf6 45. Kb3 Rb8+ 46. Ka4 Nd7 47. Nd3 Nb6+ 48. Kb3 Nc4+ 49. Kc2 Rh8 50. Nf2 Kc6 51. Kb3 Kb5 52. Kc2 Na5 53. Kd3 Rh7 54. Kc2 Kc4 55. Nd3 Rh1 56. Ne5+ Kb5 57. Nd3 Nc4 58. Ne5 Bxe5 59. dxe5 Kc5 60. Bd2 Ra1 61. Kb3 Rb1+ 62. Kc2 Rb2+ 63. Kd3 Kb5 0-1

[Event "BCF-ch AM U1900 op"]
[Site "Hull"]
[Date "2024.07.30"]
[Round "2"]
[White "Jacob, Sydney J"]
[Black "Kenning, Paul H"]
[Result "1/2-1/2"]
[WhiteElo "1842"]
[BlackElo "1776"]
[PlyCount "30"]
[EventDate "2024.07.29"]
[EventType "swiss"]
[EventRounds "6"]
[EventCountry "ENG"]
[SourceTitle "CB32_2024"]
[SourceDate "2024.08.08"]
[SourceVersion "1"]
[SourceVersionDate "2024.08.08"]
[SourceQuality "1"]

1. d4 d5 2. c4 Nc6 3. Nf3 Bg4 4. e3 e5 5. Be2 e4 6. Nfd2 Bxe2 7. Kxe2 Qg5 8. g3 Nf6 9. cxd5 Qxd5 10. Nc3 Qf5 11. a3 0-0-0 12. b4 a6 13. Bb2 Be7 14. Qf1 Rhe8 15. Ke1 Bf8 1/2-1/2

[Event "BCF-ch Seniors 65"]
[Site "Hull"]
[Date "2024.07.29"]
[Round "1"]
[White "Hodge, Steve R"]
[Black "Kenning, Paul H"]
[Result "1-0"]
[WhiteElo "1962"]
[BlackElo "1776"]
[PlyCount "61"]
[EventDate "2024.07.29"]
[EventType "swiss"]
[EventRounds "7"]
[EventCountry "ENG"]
[SourceTitle "CB32_2024"]
[SourceDate "2024.08.08"]
[SourceVersion "1"]
[SourceVersionDate "2024.08.08"]
[SourceQuality "1"]

1. e4 d6 2. d4 Nf6 3. Nc3 e5 4. Nge2 Nbd7 5. h3 c6 6. g4 h6 7. Bg2 Be7 8. Ng3 g6 9. Be3 Nf8 10. Qd2 g5 11. 0-0-0 Ng6 12. Nf5 Bxf5 13. gxf5 Nf4 14. f3 Qa5 15. Kb1 b5 16. Bf1 Rb8 17. h4 Rg8 18. hxg5 hxg5 19. Rh6 Qc7 20. Ne2 a6 21. Nxf4 gxf4 22. Bf2 c5 23. Bh4 Nd7 24. Bxe7 Kxe7 25. dxc5 dxc5 26. Qh2 Rbd8 27. Qh4+ Ke8 28. Rhd6 Rg1 29. Qh8+ Ke7 30. f6+ Nxf6 31. Qxf6+ 1-0

[Event "Cambridge op 2nd"]
[Site "Cambridge"]
[Date "2024.02.22"]
[Round "6"]
[White "Wheatley, Wilfred"]
[Black "Kenning, Paul H"]
[Result "1-0"]
[WhiteElo "1864"]
[BlackElo "1681"]
[PlyCount "67"]
[EventDate "2024.02.19"]
[EventType "swiss"]
[EventRounds "9"]
[EventCountry "ENG"]
[SourceTitle "CB09_2024"]
[SourceDate "2024.02.28"]
[SourceVersion "1"]
[SourceVersionDate "2024.02.28"]
[SourceQuality "1"]

1. e4 d6 2. d4 Nf6 3. f3 e5 4. d5 Be7 5. c4 0-0 6. Nc3 Nh5 7. Be3 Bg5 8. Bf2 g6 9. g4 Ng7 10. h4 Be7 11. Nge2 a5 12. Nc1 Nd7 13. Nd3 b6 14. Be2 Nc5 15. Qd2 Nxd3+ 16. Bxd3 h5 17. Be2 Kh7 18. 0-0-0 Bd7 19. Rdg1 Rh8 20. g5 Qe8 21. Be3 Rb8 22. Rf1 Rf8 23. f4 exf4 24. Rxf4 Bd8 25. Bd4 Be7 26. Bf6 Qd8 27. Rhf1 Bxf6 28. gxf6 Ne8 29. Qd1 Kh6 30. Qe1 Kh7 31. Qg3 c6 32. Qg5 Bg4 33. Bxg4 hxg4 34. h5 1-0

[Event "Cambridge op 2nd"]
[Site "Cambridge"]
[Date "2024.02.21"]
[Round "4"]
[White "Davison, Chris"]
[Black "Kenning, Paul H"]
[Result "1-0"]
[WhiteElo "2013"]
[BlackElo "1681"]
[PlyCount "93"]
[EventDate "2024.02.19"]
[EventType "swiss"]
[EventRounds "9"]
[EventCountry "ENG"]
[SourceTitle "CB09_2024"]
[SourceDate "2024.02.28"]
[SourceVersion "1"]
[SourceVersionDate "2024.02.28"]
[SourceQuality "1"]

1. e4 d6 2. d4 Nf6 3. Nc3 e5 4. Nf3 Nbd7 5. Rg1 h6 6. g4 c6 7. Be3 Qa5 8. Qd2 b5 9. Bd3 a6 10. a3 c5 11. dxe5 Nxe5 12. Nxe5 dxe5 13. Rd1 Nxg4 14. Rxg4 Bxg4 15. Be2 Rd8 16. Qxd8+ Qxd8 17. Rxd8+ Kxd8 18. Bxg4 Kc7 19. Nd5+ Kc6 20. b4 cxb4 21. axb4 g6 22. Be2 f5 23. f3 Bd6 24. Kd2 Rd8 25. Kc3 f4 26. Bf2 g5 27. h3 Rd7 28. Kb3 Rd8 29. c4 Bf8 30. Kc3 h5 31. Bd1 Bd6 32. c5 Bf8 33. Bb3 a5 34. bxa5 Bxc5 35. Nb4+ Kd6 36. Bxc5+ Kxc5 37. Bd5 Rd7 38. Nd3+ Kd6 39. a6 Rg7 40. Bb7 Kc7 41. Nxe5 g4 42. fxg4 hxg4 43. hxg4 f3 44. Nxf3 Rxg4 45. Ne5 Rg5 46. Nd7 Rg7 47. Bd5 1-0

[Event "Harrogate 4NCL op-B 31st"]
[Site "Harrogate"]
[Date "2024.01.20"]
[Round "3"]
[White "Kenning, Paul H"]
[Black "Cawston, M John"]
[Result "1-0"]
[WhiteElo "1829"]
[BlackElo "1770"]
[PlyCount "45"]
[EventDate "2024.01.19"]
[EventType "swiss"]
[EventRounds "5"]
[EventCountry "ENG"]
[SourceTitle "CB06_2024"]
[SourceDate "2024.02.07"]
[SourceVersion "1"]
[SourceVersionDate "2024.02.07"]
[SourceQuality "1"]

1. e4 Nf6 2. Nc3 d5 3. exd5 Nxd5 4. d4 Nxc3 5. bxc3 e6 6. Nf3 Be7 7. Bd3 Bd7 8. 0-0 h6 9. Rb1 Bc8 10. Ne5 Nd7 11. f4 Nxe5 12. fxe5 Bg5 13. Ba3 Be7 14. Qf3 Rf8 15. Bxe7 Qxe7 16. Bb5+ Kd8 17. Bc6 Rb8 18. Bxb7 Qa3 19. Bxc8 Rxc8 20. Qc6 Qxa2 21. d5 Ke7 22. d6+ cxd6 23. Rb7+ 1-0

[Event "Harrogate 4NCL op-B 29th"]
[Site "Harrogate"]
[Date "2023.01.20"]
[Round "1"]
[White "Salazar Eyre, Emma"]
[Black "Kenning, Paul H"]
[Result "0-1"]
[WhiteElo "1700"]
[BlackElo "1842"]
[PlyCount "120"]
[EventDate "2023.01.20"]
[EventType "swiss"]
[EventRounds "5"]
[EventCountry "ENG"]
[SourceTitle "CBM 212 Extra"]
[Source "ChessBase"]
[SourceDate "2023.03.31"]
[SourceVersion "1"]
[SourceVersionDate "2023.03.31"]
[SourceQuality "1"]

1. e4 d6 2. d4 Nf6 3. Nc3 Nbd7 4. Nf3 e5 5. dxe5 dxe5 6. Bc4 Be7 7. 0-0 c6 8. h3 Qc7 9. Re1 h6 10. a3 g5 11. Nh2 Nf8 12. Qf3 Be6 13. Bxe6 Nxe6 14. Ne2 0-0-0 15. b4 h5 16. Bb2 Nf4 17. Qe3 Kb8 18. Nf3 Nd7 19. Qc3 f6 20. Nh2 Nf8 21. a4 N8e6 22. Qb3 Qb6 23. Bc3 Rd7 24. Rab1 Rhd8 25. Nxf4 Nxf4 26. a5 Qb5 27. Nf1 Ne2+ 28. Kh1 Nxc3 29. Qxc3 Rd4 30. Qf3 Rxb4 31. Rxb4 Qxb4 32. Ra1 Qb2 33. Re1 Qxc2 34. Ne3 Qc3 35. Rf1 h4 36. Qg4 Qxa5 37. Qe6 Qc7 38. Nf5 Re8 39. Ng7 Rc8 40. Nf5 Re8 41. Ng7 Rf8 42. Nf5 Bc5 43. Qb3 Qb6 44. Qf3 Bd4 45. Qa3 Qc5 46. Qf3 Qc3 47. Qe2 a5 48. Qa2 Qc5 49. Ng7 Qe7 50. Nf5 Qc5 51. Ng7 Qb5 52. Rb1 Qd3 53. Ne6 Re8 54. Ng7 Re7 55. Nf5 Rd7 56. Qg8+ Ka7 57. Rb3 Qxe4 58. Qg6 Bxf2 59. Kh2 Bg3+ 60. Kh1 Qe1# 0-1

[Event "Harrogate 4NCL op-B 27th"]
[Site "Harrogate"]
[Date "2022.01.22"]
[Round "3"]
[White "Echavarria Hidalgo, Fernando"]
[Black "Kenning, Paul H"]
[Result "0-1"]
[WhiteElo "1766"]
[BlackElo "1881"]
[PlyCount "149"]
[EventDate "2022.01.21"]
[EventType "swiss"]
[EventRounds "5"]
[EventCountry "ENG"]
[SourceTitle "CBM 206 Extra"]
[Source "ChessBase"]
[SourceDate "2022.03.31"]
[SourceVersion "1"]
[SourceVersionDate "2022.03.31"]
[SourceQuality "1"]

1. e4 d6 2. d4 Nf6 3. Nc3 Nbd7 4. Nf3 e5 5. Bg5 Be7 6. Bc4 c6 7. Bb3 Qc7 8. 0-0 h6 9. Be3 Nf8 10. dxe5 dxe5 11. h3 g5 12. Ne1 Ng6 13. f3 Nf4 14. Kh2 Bd7 15. Nd3 b6 16. Nxf4 gxf4 17. Bf2 Nh5 18. Ne2 Rg8 19. Rg1 Rd8 20. Qf1 Qd6 21. Rd1 Qf6 22. Be1 Ng3 23. Nxg3 fxg3+ 24. Kh1 Bc5 25. Bc3 Bxg1 26. Kxg1 Be6 27. Rxd8+ Kxd8 28. Bxe6 Qxe6 29. Qd3+ Kc7 30. Kf1 f6 31. b3 Rd8 32. Qa6 Kb8 33. Qe2 Qd6 34. Be1 Rg8 35. a4 Qc5 36. b4 Qd4 37. c3 Qd8 38. Qc2 Qe8 39. Ke2 Rg7 40. Qb3 Qd7 41. a5 h5 42. axb6 axb6 43. Qc2 h4 44. Qb3 Qd6 45. Qc2 Qe6 46. c4 Rd7 47. Qc3 Rd4 48. c5 bxc5 49. Qxc5 Qc4+ 50. Qxc4 Rxc4 51. Bd2 Kc7 52. Ke3 Kd7 53. f4 Ke6 54. f5+ Kf7 55. Kd3 Rd4+ 56. Ke3 Rd7 57. Bc3 Ra7 58. Bd2 Ra2 59. Ke2 Ke7 60. Ke3 Kd6 61. Ke2 Kc7 62. Ke3 Kb6 63. Ke2 Kb5 64. Kd3 Rxd2+ 65. Kxd2 Kxb4 66. Kd3 c5 67. Kc2 Kc4 68. Kd2 Kb3 69. Kc1 Kc3 70. Kd1 Kb2 71. Kd2 c4 72. Ke2 c3 73. Kf3 c2 74. Kg4 c1Q 75. Kxh4 0-1

[Event "Harrogate 4NCL op 24th"]
[Site "Harrogate"]
[Date "2020.01.19"]
[Round "4"]
[White "Obi, Marc On"]
[Black "Kenning, Paul H"]
[Result "1/2-1/2"]
[WhiteElo "1783"]
[BlackElo "1851"]
[PlyCount "52"]
[EventDate "2020.01.17"]
[EventType "swiss"]
[EventRounds "5"]
[EventCountry "ENG"]
[SourceTitle "CBM 195 Extra"]
[Source "ChessBase"]
[SourceDate "2020.05.31"]
[SourceVersion "1"]
[SourceVersionDate "2020.05.31"]
[SourceQuality "1"]

1. d4 d6 2. Bf4 Nf6 3. Nc3 Nbd7 4. Nf3 Nh5 5. Qd2 Nxf4 6. Qxf4 g6 7. e4 Bg7 8. 0-0-0 c5 9. Bc4 0-0 10. Qe3 a6 11. dxc5 Nxc5 12. e5 b5 13. exd6 exd6 14. Bd5 Ra7 15. Rhe1 Rc7 16. Qf4 Qf6 17. Qxf6 Bxf6 18. Ne4 Nxe4 19. Bxe4 Be5 20. Nxe5 dxe5 21. Rd6 Re8 22. Red1 Kg7 23. b3 Ree7 24. Kb2 Rc5 25. Bd5 Rec7 26. c4 f5 1/2-1/2

[Event "Harrogate 4NCL op 24th"]
[Site "Harrogate"]
[Date "2020.01.19"]
[Round "5"]
[White "Samarashinghe Jude, Ranga"]
[Black "Kenning, Paul H"]
[Result "1-0"]
[WhiteElo "1895"]
[BlackElo "1851"]
[PlyCount "61"]
[EventDate "2020.01.17"]
[EventType "swiss"]
[EventRounds "5"]
[EventCountry "ENG"]
[SourceTitle "CBM 195 Extra"]
[Source "ChessBase"]
[SourceDate "2020.05.31"]
[SourceVersion "1"]
[SourceVersionDate "2020.05.31"]
[SourceQuality "1"]

1. e4 d6 2. d4 Nf6 3. Bd3 e5 4. c3 d5 5. dxe5 Nxe4 6. Bxe4 dxe4 7. Qa4+ Bd7 8. Qxe4 Bc6 9. Qg4 h5 10. Qg3 h4 11. Qg4 Qd7 12. Qg5 h3 13. f3 Be7 14. Qxg7 hxg2 15. Qxg2 Bh4+ 16. Ke2 Bb5+ 17. Ke3 Qd3+ 18. Kf4 Qc4+ 19. Ke3 Rh5 20. Qg7 Qd3+ 21. Kf4 Qf5+ 22. Ke3 Bg5+ 23. Kf2 Bxc1 24. Na3 Bh6 25. Qg8+ Ke7 26. Nxb5 Rg5 27. Nd4 Qd7 28. Qh7 Rh5 29. e6 Qd5 30. Qxf7+ Kd8 31. e7+ 1-0

[Event "BCF-chT4S 1920 (4NCL)"]
[Site "England"]
[Date "2020.01.11"]
[Round "3.115"]
[White "Davidson, Laura"]
[Black "Kenning, Paul H"]
[Result "1/2-1/2"]
[WhiteElo "1735"]
[BlackElo "1851"]
[PlyCount "38"]
[EventDate "2019.11.09"]
[EventType "team-swiss"]
[EventRounds "11"]
[EventCountry "ENG"]
[SourceTitle "EXT 2022"]
[Source "ChessBase"]
[SourceDate "2021.10.06"]
[SourceVersion "1"]
[SourceVersionDate "2021.10.06"]
[SourceQuality "1"]
[WhiteTeam "Throw in the Tal"]
[BlackTeam "Iceni II"]
[WhiteTeamCountry "ENG"]
[BlackTeamCountry "ENG"]

1. e4 d6 2. d4 Nf6 3. Nc3 e5 4. dxe5 dxe5 5. Qxd8+ Kxd8 6. Bg5 Be6 7. 0-0-0+ Kc8 8. a3 Bc5 9. f3 Nbd7 10. Bd3 h6 11. Bd2 Nb6 12. Kb1 Nc4 13. Bc1 Nd7 14. g3 Ndb6 15. f4 f6 16. f5 Bf7 17. Nf3 c6 18. Rde1 Kc7 19. g4 a5 1/2-1/2

[Event "BCF-chT4S 1920 (4NCL)"]
[Site "England"]
[Date "2019.11.09"]
[Round "1.22"]
[White "Mashayekh, Majid"]
[Black "Kenning, Paul H"]
[Result "1/2-1/2"]
[WhiteElo "1875"]
[BlackElo "1858"]
[PlyCount "38"]
[EventDate "2019.11.09"]
[EventType "team-swiss"]
[EventRounds "11"]
[EventCountry "ENG"]
[SourceTitle "EXT 2022"]
[Source "ChessBase"]
[SourceDate "2021.10.06"]
[SourceVersion "1"]
[SourceVersionDate "2021.10.06"]
[SourceQuality "1"]
[WhiteTeam "CSC III"]
[BlackTeam "Iceni II"]
[WhiteTeamCountry "ENG"]
[BlackTeamCountry "ENG"]

1. e4 d6 2. d4 Nf6 3. Nc3 Nbd7 4. Nf3 e5 5. Bg5 Be7 6. Bc4 c6 7. Qd2 Qc7 8. 0-0 h6 9. Bh4 Nf8 10. Bg3 Ng6 11. Rad1 Nh5 12. dxe5 dxe5 13. a3 0-0 14. Rfe1 Nxg3 15. hxg3 Bg4 16. Qe3 Qb6 17. Qxb6 axb6 18. Rd2 Rad8 19. Red1 b5 1/2-1/2

[Event "GBR-ch 50+ 106th"]
[Site "Torquay"]
[Date "2019.08.04"]
[Round "7.17"]
[White "Kenning, Paul H"]
[Black "Clancy, Martin J"]
[Result "1-0"]
[WhiteElo "1867"]
[BlackElo "1802"]
[PlyCount "39"]
[EventDate "2019.07.29"]
[EventType "swiss"]
[EventRounds "7"]
[EventCountry "ENG"]
[SourceTitle "EXT 2021"]
[Source "ChessBase"]
[SourceDate "2020.10.23"]
[SourceVersion "1"]
[SourceVersionDate "2020.10.23"]
[SourceQuality "1"]

1. e4 c5 2. Nf3 d6 3. Bb5+ Bd7 4. Bxd7+ Qxd7 5. c4 Nc6 6. d4 cxd4 7. Nxd4 g6 8. Nc3 Bg7 9. Be3 Ne5 10. b3 Ng4 11. Bg5 h6 12. Bh4 a6 13. a4 N8f6 14. f3 Nxe4 15. Nd5 0-0 16. fxe4 g5 17. Bg3 f5 18. exf5 Bxd4 19. Qxd4 Rxf5 20. 0-0-0 1-0

[Event "GBR-ch 50+ 106th"]
[Site "Torquay"]
[Date "2019.08.03"]
[Round "6.18"]
[White "Clark, Ian C"]
[Black "Kenning, Paul H"]
[Result "1/2-1/2"]
[WhiteElo "1965"]
[BlackElo "1867"]
[PlyCount "21"]
[EventDate "2019.07.29"]
[EventType "swiss"]
[EventRounds "7"]
[EventCountry "ENG"]
[SourceTitle "EXT 2021"]
[Source "ChessBase"]
[SourceDate "2020.10.23"]
[SourceVersion "1"]
[SourceVersionDate "2020.10.23"]
[SourceQuality "1"]

1. e4 d6 2. d4 Nf6 3. Nc3 Nbd7 4. Nf3 e5 5. dxe5 dxe5 6. a3 c6 7. Bc4 Be7 8. 0-0 h6 9. Qe2 Qc7 10. h3 Qa5 11. a4 1/2-1/2

[Event "GBR-ch 50+ 106th"]
[Site "Torquay"]
[Date "2019.08.01"]
[Round "4"]
[White "Lowe, Chris"]
[Black "Kenning, Paul H"]
[Result "1/2-1/2"]
[WhiteElo "2027"]
[BlackElo "1867"]
[PlyCount "50"]
[EventDate "2019.07.29"]
[EventType "swiss"]
[EventRounds "7"]
[EventCountry "ENG"]
[SourceTitle "EXT 2020"]
[Source "ChessBase"]
[SourceDate "2019.10.17"]
[SourceVersion "1"]
[SourceVersionDate "2019.10.17"]
[SourceQuality "1"]

1. e4 d6 2. d4 Nf6 3. Nc3 Nbd7 4. Nf3 e5 5. Bc4 Be7 6. 0-0 c6 7. a4 a5 8. dxe5 dxe5 9. Qe2 Qc7 10. Ng5 0-0 11. Bxf7+ Rxf7 12. Qc4 Nf8 13. Qxf7+ Kh8 14. Qc4 h6 15. Nf3 Be6 16. Qe2 Ng6 17. Be3 Rf8 18. h3 Nh5 19. Nh4 Ngf4 20. Ng6+ Nxg6 21. Qxh5 Nf4 22. Bxf4 exf4 23. Rad1 f3 24. gxf3 Rf4 25. Qg6 Bxh3 1/2-1/2

[Event "GBR-ch 50+ 106th"]
[Site "Torquay"]
[Date "2019.07.31"]
[Round "3"]
[White "Kenning, Paul H"]
[Black "Smith, Graham M"]
[Result "1/2-1/2"]
[WhiteElo "1867"]
[BlackElo "2010"]
[PlyCount "35"]
[EventDate "2019.07.29"]
[EventType "swiss"]
[EventRounds "7"]
[EventCountry "ENG"]
[SourceTitle "EXT 2020"]
[Source "ChessBase"]
[SourceDate "2019.10.17"]
[SourceVersion "1"]
[SourceVersionDate "2019.10.17"]
[SourceQuality "1"]

1. e4 c5 2. Nf3 e6 3. b3 b6 4. Bd3 Bb7 5. 0-0 d6 6. Re1 Be7 7. Bb2 Nf6 8. e5 dxe5 9. Nxe5 0-0 10. a4 Nbd7 11. f4 Nxe5 12. fxe5 Qd5 13. Qe2 Ne8 14. Na3 g6 15. Nc4 Ng7 16. Ne3 Qc6 17. Bb5 Qe4 18. Bd3 1/2-1/2

[Event "London CSC 5-Day U2050 op 10th"]
[Site "London"]
[Date "2018.12.12"]
[Round "4"]
[White "Zielinski, Marcin"]
[Black "Kenning, Paul H"]
[Result "1-0"]
[WhiteElo "1576"]
[BlackElo "1892"]
[PlyCount "69"]
[EventDate "2018.12.09"]
[EventType "swiss"]
[EventRounds "5"]
[EventCountry "ENG"]
[SourceTitle "EXT 2020"]
[Source "ChessBase"]
[SourceDate "2019.10.17"]
[SourceVersion "1"]
[SourceVersionDate "2019.10.17"]
[SourceQuality "1"]

1. d4 d6 2. f4 Nf6 3. Nf3 Nbd7 4. Nbd2 c6 5. e4 e5 6. fxe5 dxe5 7. dxe5 Ng4 8. Nc4 Nc5 9. Qxd8+ Kxd8 10. h3 Nh6 11. Bg5+ Kc7 12. 0-0-0 Nxe4 13. Bd8+ Kb8 14. Rh2 Ng3 15. Bg5 Nhf5 16. Bf4 Be6 17. Bd3 Be7 18. Nd6 Bxd6 19. exd6 Kc8 20. Kb1 f6 21. Bxf5 Nxf5 22. g4 Nh6 23. Re2 Kd7 24. Rde1 Rhe8 25. Nd4 Bd5 26. Re7+ Rxe7 27. Rxe7+ Kd8 28. Rxg7 Ng8 29. b3 Ke8 30. Rxh7 Kf8 31. d7 Bf7 32. Bd6+ Ne7 33. Rh8+ Bg8 34. Rxg8+ Kxg8 35. Bxe7 1-0

[Event "London CSC 5-Day U2050 op 10th"]
[Site "London"]
[Date "2018.12.10"]
[Round "2"]
[White "Olutola, Taiwo"]
[Black "Kenning, Paul H"]
[Result "1/2-1/2"]
[WhiteElo "1643"]
[BlackElo "1892"]
[PlyCount "90"]
[EventDate "2018.12.09"]
[EventType "swiss"]
[EventRounds "5"]
[EventCountry "ENG"]
[SourceTitle "EXT 2020"]
[Source "ChessBase"]
[SourceDate "2019.10.17"]
[SourceVersion "1"]
[SourceVersionDate "2019.10.17"]
[SourceQuality "1"]

1. Nf3 d6 2. d4 Nf6 3. c4 Nbd7 4. Nc3 e5 5. dxe5 dxe5 6. Bg5 Be7 7. e3 c6 8. Be2 0-0 9. 0-0 Qc7 10. Qc2 Re8 11. Rfd1 Nf8 12. Ne4 Nxe4 13. Qxe4 f6 14. Bh4 Ne6 15. Qc2 a5 16. Nd2 Nf8 17. c5 b5 18. cxb6 Qxb6 19. Rac1 Be6 20. Bc4 Bxc4 21. Qxc4+ Kh8 22. b3 Qb4 23. Bg3 c5 24. Ne4 Red8 25. Qc2 a4 26. f3 axb3 27. axb3 Rab8 28. Rxd8 Rxd8 29. Be1 Qa3 30. Qc3 Rb8 31. Nxc5 Bxc5 32. Qxc5 Qxb3 33. Qc3 Qa2 34. Ra1 Qe2 35. Qd2 Qb5 36. Ra5 Qb6 37. Rd5 h6 38. h3 Qb1 39. Qd1 Qb6 40. Qd3 Ra8 41. Rd6 Qc5 42. Rd5 Qc1 43. Qd2 Qb1 44. Qd1 Qg6 45. Bf2 Rb8 1/2-1/2

[Event "BCF-chT3Sb 1819 (4NCL)"]
[Site "England"]
[Date "2018.11.17"]
[Round "1.85"]
[White "Kenning, Paul H"]
[Black "Jaszkiwskyj, Peter"]
[Result "1-0"]
[WhiteElo "1866"]
[BlackElo "1947"]
[PlyCount "53"]
[EventDate "2018.11.17"]
[EventType "team-tourn"]
[EventRounds "7"]
[EventCountry "ENG"]
[SourceTitle "EXT 2021"]
[Source "ChessBase"]
[SourceDate "2020.10.23"]
[SourceVersion "1"]
[SourceVersionDate "2020.10.23"]
[SourceQuality "1"]
[WhiteTeam "Iceni II"]
[BlackTeam "The Rookies"]
[WhiteTeamCountry "ENG"]
[BlackTeamCountry "ENG"]

1. e4 e6 2. d4 d5 3. Bd3 c5 4. exd5 Qxd5 5. Nc3 Qxd4 6. Nb5 Qd8 7. Bf4 Na6 8. Qe2 Nf6 9. 0-0-0 Qb6 10. Bc4 Bd7 11. Nf3 Be7 12. Bd6 Bxb5 13. Bxb5+ Kf8 14. Bg3 Nb4 15. Bc4 a6 16. Rhe1 Rd8 17. Rxd8+ Qxd8 18. Ng5 Nfd5 19. Nxf7 Kxf7 20. Qxe6+ Kf8 21. Bxd5 Nxd5 22. Rd1 h5 23. Rxd5 Bg5+ 24. f4 Qe7 25. Qc8+ Kf7 26. Qf5+ Kg8 27. Re5 1-0